Holistic education and yoga / (Record no. 152457)

MARC details
000 -LEADER
fixed length control field 00629nam a22001937a 4500
005 - DATE AND TIME OF LATEST TRANSACTION
control field 20180531105828.0
010 ## - LCCN (DPL NO)
LC control number ENG-123132
020 ## - INTERNATIONAL STANDARD BOOK NUMBER
Terms of availability 180.00
International Standard Book Number 9788186262233
035 ## - SYSTEM CONTROL NUMBER
System control number EN-106664
037 ## - SOURCE OF ACQUISITION
Source of stock number/acquisition DBAD/PUB
082 ## - DEWEY DECIMAL CLASSIFICATION NUMBER
Classification number 181.432
100 ## - MAIN ENTRY--PERSONAL NAME
Personal name Sharma, Neelam
245 ## - TITLE STATEMENT
Title Holistic education and yoga /
Statement of responsibility, etc by Neelam Sharma
260 ## - PUBLICATION, DISTRIBUTION, ETC. (IMPRINT)
Place of publication, distribution, etc Delhi
Name of publisher, distributor, etc Shipra Publications
Date of publication, distribution, etc 2017
270 ## - ADDRESS
Address LG 18-19,Pankaj Central Market I.P.Ext.,Patparganj
City Delhi
Postal code 110092
Telephone number 91 11 22235152/ 6152
Electronic mail address www.shiprapublication.com
300 ## - PHYSICAL DESCRIPTION
Extent 157p.
Dimensions 21cm(pbk)
500 ## - GENERAL NOTE
General note It includes index
942 ## - ADDED ENTRY ELEMENTS (KOHA)
Source of classification or shelving scheme Dewey Decimal Classification
Item type English Books
Call number suffix SHA
Classification part 181.432
Holdings
Withdrawn status Lost status Not for loan Collection code Home library Current library Date acquired Source of acquisition Cost, normal purchase price Full call number Barcode Copy number Cost, replacement price Koha item type
    Not For Loan Non-fiction D.B.Act.Division Sarojini Nagar 31/05/2018 DBAD/PUB 180.00 181.432 SHA EN-106664 1 180.00 English Books

© Delhi Public Library
Hit Counter
free hit counter